| 000 | 01065nam a2200253Ia 4500 | ||
|---|---|---|---|
| 001 | ebr10040012 | ||
| 003 | CaPaEBR | ||
| 006 | m u | ||
| 007 | cr cn||||||||| | ||
| 008 | 001017s2002 dcu s 000 0 eng d | ||
| 020 | _z9781585760503 | ||
| 040 |
_aCaPaEBR _cCaPaEBR |
||
| 035 | _a(OCoLC)503050537 | ||
| 050 | 1 | 4 |
_aKGF3421 _b.F56 2002eb |
| 245 | 0 | 0 |
_aFinal report _h[electronic resource] : _bsustainable Mexican municipalities project: ProMuS 2001 / _cprepared by The Environmental Law Institute. |
| 260 |
_aWashington, DC : _bEnvironmental Law Institute, _c2002. |
||
| 300 | _av, [140] p. | ||
| 533 |
_aElectronic reproduction. _bPalo Alto, Calif. : _cebrary, _d2009. _nAvailable via World Wide Web. _nAccess may be limited to ebrary affiliated libraries. |
||
| 650 | 0 |
_aEnvironmental law _zMexico. |
|
| 650 | 0 | _aEnvironmental law, International. | |
| 655 | 7 |
_aElectronic books. _2local |
|
| 710 | 2 | _aebrary, Inc. | |
| 856 | 4 | 0 |
_uhttp://site.ebrary.com/lib/rucke/Doc?id=10040012 _zAn electronic book accessible through the World Wide Web; click to view |
| 999 |
_c60020 _d60020 |
||